<?xml version="1.0" encoding="utf-8"?>
<?xml-stylesheet type='text/xsl' href='./oai2.xsl'?>
<OAI-PMH xmlns="http://www.openarchives.org/OAI/2.0/" xmlns:xsi="http://www.w3.org/2001/XMLSchema-instance" xsi:schemaLocation="http://www.openarchives.org/OAI/2.0/ http://www.openarchives.org/OAI/2.0/OAI-PMH.xsd">
  <responseDate>2026-06-05T22:41:02Z</responseDate>
  <request verb="GetRecord" metadataPrefix="marcxml" identifier="record_kuniweb_1360190">https://kulturerbe.niedersachsen.de/oai</request>
  <GetRecord>
    <record>
      <header>
        <identifier>record_kuniweb_1360190</identifier>
        <datestamp>2021-03-18T07:59:46Z</datestamp>
        <setSpec>slg0250</setSpec>
      </header>
      <metadata>
        <marc:record xmlns:marc="http://www.loc.gov/MARC21/slim" xsi:schemaLocation="http://www.loc.gov/MARC21/slim http://www.loc.gov/standards/marcxml/schema/MARC21slim.xsd">
          <marc:leader>12345nm  22     uu 4500</marc:leader>
          <marc:controlfield tag="001">1360190</marc:controlfield>
          <marc:controlfield tag="003">http://kuniweb.gbv.de</marc:controlfield>
          <marc:controlfield tag="005">2021-02-25T17:06:26</marc:controlfield>
          <marc:controlfield tag="008">|           ||||||||||||||||||||||</marc:controlfield>
          <marc:datafield tag="245" ind1="1" ind2="0">
            <marc:subfield code="a">Buch: "Vom Wandsbecker Boten"</marc:subfield>
          </marc:datafield>
          <marc:datafield tag="700" ind1="1" ind2=" ">
            <marc:subfield code="a">Claudius</marc:subfield>
            <marc:subfield code="d">* 1740 † 1815</marc:subfield>
            <marc:subfield code="e">Autor</marc:subfield>
          </marc:datafield>
          <marc:datafield tag="700" ind1="1" ind2=" ">
            <marc:subfield code="a">Schäfer</marc:subfield>
            <marc:subfield code="d">* 1878 † 1961</marc:subfield>
            <marc:subfield code="e">Künstler</marc:subfield>
          </marc:datafield>
          <marc:datafield tag="655" ind1=" " ind2="7">
            <marc:subfield code="a">Grafik</marc:subfield>
          </marc:datafield>
          <marc:datafield tag="046" ind1=" " ind2=" ">
            <marc:subfield code="k">1929</marc:subfield>
            <marc:subfield code="k">hier 50. - 54. Tausend</marc:subfield>
          </marc:datafield>
          <marc:datafield tag="260" ind1=" " ind2=" ">
            <marc:subfield code="g">1929</marc:subfield>
            <marc:subfield code="g">hier 50. - 54. Tausend</marc:subfield>
          </marc:datafield>
          <marc:datafield tag="300" ind1=" " ind2=" ">
            <marc:subfield code="a">Breite: 0,5 cm (Buchrücken)
Breite: 13,8 cm (Cover)
Höhe: 18,8 cm (Cover)</marc:subfield>
          </marc:datafield>
          <marc:datafield tag="520" ind1=" " ind2=" ">
            <marc:subfield code="a">Titelblatt: 
Vom Wandsbecker Boten 
Bilder zu Matthias Claudius von Rudolf Schäfer
gekürzte Volksausgabe 1929
Rückseite:
Auflistung von weiteren Bildwerken von Rudolf Schäfer (Rudolf-Schäfer-Verein)

Inschrift:
Vom Wandsbecker Boten Bilder zu Matthias Claudius von Rudolf Schäfer Mit einem Abriß über des Dichters Leben und Wirken von Adolf Brüssau gekürzte Volksausgabe Gustav Schloeßmanns Verlagsbuchhandlun (Gustav Fick) Leipzig und Hamburg

Aufschrift:
Vom Wandsbecker Boten Bilder zu Matthias Claudius/ Von Rudolf Schäfer gekürzte Volksausgabe/1929 Gustav Schloeßmanns Verlagsbuchhandlung (Gustav Fick) Leipzig und Hamburg

Quelle:
M. Claudius, „Vom Wandsbecker Boten“. Schloeßmann, Leipzig, 1929. (entspricht dem Exponat)</marc:subfield>
          </marc:datafield>
          <marc:datafield tag="650" ind1="1" ind2=" ">
            <marc:subfield code="a">Druckwesen, Schriftwesen &gt; Album, Buch, Heft, Katalog &gt; Buch</marc:subfield>
          </marc:datafield>
          <marc:datafield tag="650" ind1="1" ind2=" ">
            <marc:subfield code="a">Schriftgut</marc:subfield>
          </marc:datafield>
          <marc:datafield tag="773" ind1="0" ind2=" ">
            <marc:subfield code="t">Sammlung Rudolf-Schäfer-Haus</marc:subfield>
          </marc:datafield>
          <marc:datafield tag="852" ind1=" " ind2=" ">
            <marc:subfield code="a">Rudolf-Schäfer-Haus</marc:subfield>
          </marc:datafield>
          <marc:datafield tag="" ind1=" " ind2=" ">
            <marc:subfield code="a">Namensnennung-Nicht kommerziell 4.0 International (CC BY-NC 4.0)</marc:subfield>
          </marc:datafield>
        </marc:record>
      </metadata>
    </record>
  </GetRecord>
</OAI-PMH>
